旭川駅から出ている行き先 - Statistics

General Stats
  • This quiz has been taken 160 times
  • The average score is 12 of 16
Answer Stats
Answer % Correct
札幌
98%
富良野
98%
稚内
98%
網走
92%
滝川
91%
岩見沢
91%
名寄
90%
北見
89%
美瑛
78%
上川
78%
比布
69%
永山
68%
当麻
52%
東旭川
43%
石狩沼田
40%
伊香牛
35%
No matching quizzes found
Score Distribution
Percent of People with Each Score
Percentile by Number Answered
Your Score History
You have not taken this quiz